Neotropical biology and conservation

Detalles Bibliográficos
Título anterior:Acta biologica leopoldensia
Autor Corporativo: Universidade do Vale do Rio dos Sinos
Formato: Electrónico Revista
Lenguaje:inglés
Publicado: São Leopoldo, RS, Brasil : Universidade do Vale do Rio dos Sinos, 2006-
Materias:
Acceso en línea:Full text available from Research Library: 01/01/2012 to present

MARC

LEADER 00000nas a2200000 a 4500
001 ssj0000553485
003 WaSeSS
005 20200512172242.0
006 m d
007 cr n
008 070723c20069999bl tr p s 0 0eng c
010 |a  2007240460 
016 7 |a 983060797  |2 DE-101 
016 7 |a 2269618-0  |2 DE-600 
022 |l 1809-9939  |y 1809-9939 
035 |a (WaSeSS)ssj0000553485 
040 |a IXA  |b eng  |c IXA  |d DLC  |d OCLCQ  |d HEBIS  |d ESLEO  |d GBVCP  |d OCLCQ  |d OCLCO  |d OCLCA  |d OCLCF  |d OCLCO  |d CUS  |d COO  |d XFH  |d OCLCQ  |d OCLCA  |d WaSeSS 
041 0 |a eng  |b por 
042 |a pcc 
043 |a s-bl--- 
050 0 0 |a QH301  |b .N46 
245 0 0 |a Neotropical biology and conservation  |h [electronic resource]. 
246 3 0 |a Neotropical 
260 |a São Leopoldo, RS, Brasil :  |b Universidade do Vale do Rio dos Sinos,  |c 2006- 
310 |a Three times a year 
362 0 |a Vol. 1, no. 1 (May/Aug. 2006)- 
500 |a Title from cover. 
506 |a License restrictions may limit access. 
546 |a English and Portuguese; abstracts in both languages. 
588 |a Latest issue consulted: Vol. 2, no. 3 (Sept./Dec. 2007). 
650 0 |a Biology  |v Periodicals. 
650 0 |a Biology  |z Brazil  |v Periodicals. 
650 0 |a Ecology  |z Brazil  |v Periodicals. 
650 0 |a Conservation of natural resources  |z Brazil  |v Periodicals. 
650 7 |a Biology.  |2 fast  |0 (OCoLC)fst00832383 
650 7 |a Conservation of natural resources.  |2 fast  |0 (OCoLC)fst00875502 
650 7 |a Ecology.  |2 fast  |0 (OCoLC)fst00901476 
651 7 |a Brazil.  |2 fast  |0 (OCoLC)fst01206830 
655 0 |a Electronic journals. 
710 2 |a Universidade do Vale do Rio dos Sinos. 
780 0 0 |t Acta biologica leopoldensia  |w (DLC) 80649493  |w (OCoLC)6999481 
850 |a DLC  |a TxU 
856 4 0 |z Full text available from Research Library: 01/01/2012 to present  |u https://search.proquest.com/publication/2040956